Local area networks : Developing your system for business
Gorde:
| Egile nagusia: | |
|---|---|
| Formatua: | Liburua |
| Hizkuntza: | Undetermined |
| Argitaratua: |
New York
Wiley
1989
|
| Gaiak: | |
| Etiketak: |
Etiketa erantsi
Etiketarik gabe, Izan zaitez lehena erregistro honi etiketa jartzen!
|
| Thư viện lưu trữ: | Trung tâm Học liệu Trường Đại học Cần Thơ |
|---|
| LEADER | 00588nam a2200205Ia 4500 | ||
|---|---|---|---|
| 001 | CTU_87711 | ||
| 008 | 210402s9999 xx 000 0 und d | ||
| 082 | |a 004.68 | ||
| 082 | |b F632 | ||
| 100 | |a Florence, Donne | ||
| 245 | 0 | |a Local area networks : | |
| 245 | 0 | |b Developing your system for business | |
| 245 | 0 | |c Donne Florence ; Cal Industries | |
| 260 | |a New York | ||
| 260 | |b Wiley | ||
| 260 | |c 1989 | ||
| 650 | |a Local area networks (computer networks),Business | ||
| 650 | |x Data processing | ||
| 904 | |i Bằng | ||
| 980 | |a Trung tâm Học liệu Trường Đại học Cần Thơ | ||